| 000 | 00713nam a22001817a 4500 | ||
|---|---|---|---|
| 999 |
_c61412 _d61412 |
||
| 005 | 20240307151405.0 | ||
| 008 | 240307s2002 ru ||||| |||| 00| 0 rus d | ||
| 020 | _a5893294173 | ||
| 041 | _aru | ||
| 080 | _a008 И-75 | ||
| 100 |
_aИонов, И.Н. _921367 |
||
| 245 |
_aТеория цивилизаций : _bОт античности до конца XIX века / _cИ.Н. Ионов, В.М. Хачатурян. |
||
| 264 |
_aСПб.: _bАлетейя, _c2002. |
||
| 300 |
_a384 с. _b22 см. |
||
| 653 | _aცივილიზაციების თეორია | ||
| 653 | _aანტიკური ხანიდან XIX საუკუნის ბოლომდე. | ||
| 942 |
_2udc _cBK |
||